000 00775nam a22002177a 4500
003 BD-DhUL
005 20160919113046.0
008 160919s2001 bg a|||| |||| 00| 0 ben
020 _a9844102162
040 _aBD-DhUL
_cBD-DhUL
082 _a954.92
_bSHI
100 1 _aশরীফ, আহমদ।
245 1 _aইতিহাস ও সমাজচিন্তা /
_cআহমদ শরীফ
260 _aঢাকা :
_bমাওলা ব্রাদার্স,
_c২০০১।
300 _a৪৮৪পৃ. ;
_c২১ সেমি।
365 _aBDT
_b300.00
504 _aজীবনপঞ্জী : পৃ. ৪৭১-৪৮৪।
651 0 _aবাংলাদেশ
_xইতিহাস
651 0 _aBangladesh
_xHistory
942 _2ddc
_cBK
999 _c104990
_d104990